Statistiques concernant Premiers Ministres québecois

Cliquez ici pour prendre le quiz!

Statistiques générales

  • Ce quiz a été pris 51 fois
  • Le résultat moyen est 19 sur 37

Statistiques - réponses

HintRéponse% Correct
2018François Legault
97%
2012Pauline Marois
94%
1976René Lévesque
90%
1985Robert Bourassa
90%
1970Robert Bourassa
90%
2003Jean Charest
87%
2014Philippe Couillard
87%
1936Maurice Duplessis
81%
1944Maurice Duplessis
81%
1994Daniel Johnson (fils)
77%
1966Daniel Johnson (père)
77%
1994Jacques Parizeau
77%
1985Pierre-Marc Johnson
77%
1960Jean Lesage
74%
1996Lucien Bouchard
71%
2001Bernard Landry
65%
1939Adélard Godbout
52%
1936Adélard Godbout
52%
1960Antonio Barrette
48%
1920Louis-Alexandre Taschereau
45%
1959Paul Sauvé
45%
1887Honoré Mercier
39%
1968Jean-Jacques Bertrand
39%
1905Lomer Gouin
39%
1867Pierre-Joseph-Olivier Chauveau
39%
1891Charles-Eugène Boucher de Boucherville
23%
1896Edmund James Flynn
19%
1882Joseph-Alfred Mousseau
16%
1900Simon-Napoléon Parent
16%
1897Félix-Gabriel Marchand
13%
1873Gédéon Ouimet
13%
1878Henry-Gustave Joly de Lobtinière
13%
1884John Jones Ross
13%
1879Joseh-Adolphe Chapleau
13%
1887Louis-Olivier Taillon
13%
1892Louis-Olivier Taillon
13%
1874Charles-Eugène Boucher de Boucherville
3%

Distribution des résultats

Percentile par nombre de réponses

% des personnes avec chaque résultat

Votre développement - résultats

Vous n’avez pas pris ce quiz